Statystyki dla Wszystkie linie autobusowe, trolejbusowe i tramwajowe w Nid's Buses

Kliknij tutaj aby rozwiązać quiz!

Ogólne statystyki

  • Ten quiz został rozwiązany 124 razy
    (66 od ostatniego zresetowania)
  • Średni wynik to 25 z 31

Statystyki odpowiedzi

Trasa liniiNumer linii% Poprawnych
Kombinat - Rzędzin1
100%
Górka Narodowa - Harbutowice2
100%
Górka Narodowa - Cichy Kącik3
100%
Blachownia - Ostrołęka Lotnisko4
100%
Kombinat - Górka Narodowa5
100%
Rzędzin - Boernerowo6
100%
Kombinat - Cichy Kącik7
100%
Szpital Uniwersytecki - Lwówek Śląski8
100%
Plac Wolnica - Żwiry22
95%
Blachownia - Żwiry20
92%
Kochłowice - Górka Narodowa23
92%
Blachownia - Górka Narodowa24
92%
Rynek Główny - Żwiry100
89%
Blachownia - Plac Wolnica21
89%
Plac Wolnica - Rynek Główny25
89%
Kochłowice - Plac Wolnica101
82%
Rzędzin - Biskupice Podgórne LG Energy Ostrołęka602
82%
Kochłowice - Cmentarz Mościce151
71%
Górka Narodowa - Piekary Centurm225
68%
Rzędzin - Kamionka301
68%
Kombinat - Boernerowo164
66%
Kochłowice - Górka Narodowa169
66%
Plac Wolnica - Ostrołęka Lotnisko208
66%
Kochłowice - Okleśna PKP238
66%
Plac Wolnica - Rzędzin178
63%
Blachownia - Lwówek Śląski248
63%
Kochłowice - Kombinat139
61%
Blachownia - Kozanów173
61%
Kochłowice - Kamionka258
61%
Kombinat - Cichy Kącik71
61%
Górka Narodowa - Ostrołęka Lotnisko50
58%

Rozkład punktacji

Percentyl według liczby udzielonych odpowiedzi

Procent ludzi z każdym wynikiem

Twoja historia wyników

Nie rozwiązałeś tego quizu od ostatniego zresetowania